000 00315nam a22001337a 4500
008 170131b xxu||||| |||| 00| 0 eng d
020 _a9780801672606
041 _aeng
080 _25TH
_a61
100 _a3
101 _aSHM
245 _aTECHNIQUES IN BEDSIDE HEMODYNAMIC MONITORING
_cDAILY, E.K
942 _2udc
_cBK
999 _c4164
_d4164